| 000 | 01657cam a2200277 a 4500 | ||
|---|---|---|---|
| 005 | 20160228124626.0 | ||
| 008 | 070805s2002 enkadf r 001 0 eng d | ||
| 020 | _a0632052678 | ||
| 040 |
_aIDU _cIDU _dUBA _dOCLCQ _dAGX _dONU _dMOA _dAGL _dDLC _dCO-BoPUJ _dCO-BoIAVH |
||
| 041 | 0 | _aeng | |
| 044 | _aenk | ||
| 082 | 0 | 4 |
_a574.524 _bP51p |
| 245 | 0 | 0 |
_aPlant-animal interactions : _ban evolutionary approach / _cedited by Carlos M. Herrera and Olle Pellmyr |
| 260 |
_aOxford, UK : _aMalden, Massachusetts : _bBlackwell Publishing, _c2002. |
||
| 300 |
_axii, 313 páginas : _bilustraciones, gráficas y tablas ; _c25 x 19 cm. |
||
| 500 | _aIncluye índice. | ||
| 504 | _aIncluye referencias bibliográficas: Páginas 263-293. | ||
| 505 | 0 |
_tSpecies interactions and the evolution of biodiversity / _rPeter W. Price. -- _gThe _thistory of association between plants and animals / _rConrad C. Labandeira. -- _tPlant-insect interactions in terrestrial ecosystems / _rSharon Y. Strauss and Arthur R. Zangerl. -- _tMammalian herbivory in terrestrial environments / _rKjell Danell and Roger Bergstróm. -- _tGranivory / _rPhilip E. Hulme and Craig W. Benkman. -- _tPollination by animals / _rOlle Pellmyr. -- _tSeed dispersal by vertebrates / _rCarlos M. Herrera. -- _tAnt-plant interactions / _rAndrew J. Beattie and Lesley Hughes. -- _tPlant-animal interactions : future directions / _rJohn N. Thompson. |
|
| 650 | 1 | 4 | _aBiocenosis |
| 650 | 2 | 4 | _aRelaciones planta-animal |
| 650 | 2 | 4 | _aEvolución (Biología) |
| 650 | 2 | 4 | _aDiversidad biológica |
| 700 | 1 |
_aHerrera, Carlos M. _eEditor |
|
| 700 | 1 |
_aPellmyr, Olle _eEditor |
|
| 942 |
_2ddc _cLIBRO |
||
| 999 |
_c3740 _d3740 |
||